Bodujú služby a prehľadnosť

Prehľad najlepších e-shopov slovenského internetu.

Saved in:
Bibliographic Details
Format: Book Chapter
Language:Slovak
Subjects:
Tags: Add Tag
No Tags, Be the first to tag this record!

MARC

LEADER 00000naa a2200000 4500
001 0253446
005 20190509091133.6
041 0 |a slo 
044 |a SK 
245 1 0 |a Bodujú služby a prehľadnosť 
520 |a Prehľad najlepších e-shopov slovenského internetu. 
610 2 0 |a obchod elektronický 
610 2 0 |a internet 
610 2 0 |a predajne 
610 2 0 |a rozhodovanie nákupné